000
00328pab a2200145 454500
008
180718b1999 xxu||||| |||| 00| 0 eng d
100
_a
Vittal, N.
245
_a
Corruption as AIDS of the society
260
_c
1999
300
_a
p.6
362
_a
24 May
650
_a
Corruption
773
_a
Economic Times
909
_a
42425
999
_c
42425
_d
42425